00634nam a2200229 a 4500001001300000003000900013005001700022008004100039020002300080082001400103100001900117245001600136260003400152300001000186500003500196650001500231700001900246902000800265942000700273952010700280999001700387nice12345678IN_TiNIC20260116014904.0130930s2005 lona grp 000 0 eng  a9780141183886c35000a150bFRE3 aFreud, Sigmund aUnconscious aLondon bPenguin Books c2005 a105p  aincludes index and biblioraphy aPsychology1 aFreud, Sigmund bSRS cBK 00104070aHMIbHMId2013-09-30g350.00l4o150 FRE3p024107r2025-09-30s2025-09-09w2026-01-16yEB c17419d17419